000 00424nam a2200181Ia 4500
003 OSt
005 20240529145104.0
008 210210b1911 xxu||||| |||| 00| 0 eng d
040 _cAL
041 _aeng
082 _a516/74
100 _aLONEY (S L)
_9168420
245 _aElements of statics
260 _aCambridge
_bAt the University Press
_c1911
690 _astatics
_9168421
906 _a007790
942 _2ddc
_cBK
999 _c140459
_d140459